书目信息 |
| 题名: |
人力经济学
|
|
| 作者: | 李继樊 , 罗仕聪 著 | |
| 分册: | ||
| 出版信息: | 北京 中国经济出版社 2005 |
|
| 页数: | 355页 | |
| 开本: | 21cm | |
| 丛书名: | ||
| 单 册: | ||
| 中图分类: | F249.21 | |
| 科图分类: | ||
| 主题词: | 劳动力资源--资源开发--研究--中国 , 人才--资源开发--发展战略--研究--中国 | |
| 电子资源: | ||
| ISBN: | 7-5017-7145-6 | |
| 000 | 01003nam0 2200265 450 | |
| 001 | TS2006044332 | |
| 005 | 20061227101405.37 | |
| 010 | @a7-5017-7145-6@dCNY25.00 | |
| 100 | @a20060829d2005 em y0chiy0120 ea | |
| 101 | 0 | @achi |
| 102 | @aCN@b110000 | |
| 105 | @aa a 000yy | |
| 200 | 1 | @a人力经济学@ARen Li Jing Ji Xue@dManpower economics@e兼论经济全球化与中国人才战略@EJian Lun Jing Ji Quan Qiu Hua Yu Zhong Guo Ren Cai Zhan Lue@f李继樊, 罗仕聪著@FLi Ji Fan , Luo Shi Cong Zhu@zeng |
| 210 | @a北京@c中国经济出版社@d2005 | |
| 215 | @a355页@c图@d21cm | |
| 320 | @a有书目 (第348-355页) | |
| 510 | 1 | @aManpower economics@zeng |
| 517 | 1 | @a兼论经济全球化与中国人才战略@AJian Lun Jing Ji Quan Qiu Hua Yu Zhong Guo Ren Cai Zhan Lue |
| 606 | 0 | @a劳动力资源@x资源开发@x研究@y中国 |
| 606 | @a人才@x资源开发@x发展战略@x研究@y中国 | |
| 690 | @aF249.21@v4 | |
| 701 | 0 | @a李继樊@ALi Ji Fan@4著 |
| 701 | 0 | @a罗仕聪@ALuo Shi Cong@4著 |
| 801 | 0 | @aCN@b中图数据@c20061227 |
| 905 | @a10447@dF249.21@e46 | |
| 人力经济学=Manpower economics:兼论经济全球化与中国人才战略/李继樊, 罗仕聪著.-北京:中国经济出版社,2005 |
| 355页:图;21cm |
| ISBN 7-5017-7145-6:CNY25.00 |
| ● |
| 相关链接 |
|
|
|
|
正题名:人力经济学
索取号:F249.21/46
 
预约/预借
| 序号 | 登录号 | 条形码 | 馆藏地/架位号 | 状态 | 备注 |
| 1 | 0612790 | 206127902 | 第一样本阅览室/ [索取号:F249.21/46] | 在馆 | |
| 2 | 0612791 | 206127911 | 第一借阅区/ [索取号:F249.21/46] | 在馆 | |
| 3 | 0612792 | 206127920 | 第一借阅区/ [索取号:F249.21/46] | 在馆 | |
| 4 | 0612793 | 206127939 | 第一借阅区/ [索取号:F249.21/46] | 在馆 | |
| 5 | 0612794 | 206127948 | 第一借阅区/ [索取号:F249.21/46] | 在馆 | |
| 6 | 0612795 | 206127957 | 第一借阅区/ [索取号:F249.21/46] | 在馆 |